[Event "blitmenteam"]
[Site "?"]
[Date "2016.10.07"]
[Round "5.8"]
[White "Usmanov, Vasily"]
[Black "Motylev, Alexander"]
[Result "1-0"]
[LiveChessVersion "1.4.4"]
[BlackElo "2613"]
[WhiteElo "2396"]

1. c4 {[%clk 0:03:02]} e5 {[%clk 0:03:02]} 2. e3 {[%clk 0:03:02]} Nf6
{[%clk 0:03:01]} 3. Nc3 {[%clk 0:03:02]} Bb4 {[%clk 0:03:01]} 4. Qc2
{[%clk 0:03:03]} O-O {[%clk 0:03:00]} 5. Nf3 {[%clk 0:03:01]} Nc6
{[%clk 0:02:59]} 6. Nd5 {[%clk 0:03:01]} Bd6 {[%clk 0:02:57]} 7. Bd3
{[%clk 0:02:51]} g6 {[%clk 0:02:44]} 8. Nxf6+ {[%clk 0:02:45]} Qxf6
{[%clk 0:02:45]} 9. a3 {[%clk 0:02:45]} a5 {[%clk 0:02:38]} 10. O-O
{[%clk 0:02:40]} Re8 {[%clk 0:02:29]} 11. Be4 {[%clk 0:02:28]} Bf8
{[%clk 0:02:26]} 12. b3 {[%clk 0:02:25]} d6 13. Bb2 Bg7 {[%clk 0:02:21]} 14. Rfe1
{[%clk 0:02:23]} Qe7 {[%clk 0:02:19]} 15. d4 {[%clk 0:02:21]} Bg4
{[%clk 0:02:12]} 16. h3 {[%clk 0:02:13]} Bxf3 {[%clk 0:02:07]} 17. Bxf3
{[%clk 0:02:14]} exd4 {[%clk 0:02:07]} 18. Rad1 {[%clk 0:01:49]} d3
{[%clk 0:01:35]} 19. Rxd3 {[%clk 0:01:42]} Bxb2 {[%clk 0:01:35]} 20. Bxc6
{[%clk 0:01:41]} bxc6 {[%clk 0:01:34]} 21. Qxb2 {[%clk 0:01:42]} c5
{[%clk 0:01:35]} 22. Qd2 {[%clk 0:01:23]} Reb8 {[%clk 0:01:28]} 23. a4
{[%clk 0:01:21]} Qe4 {[%clk 0:01:10]} 24. f3 {[%clk 0:01:10]} Qe7
{[%clk 0:01:10]} 25. e4 {[%clk 0:01:08]} Rb4 {[%clk 0:01:04]} 26. e5
{[%clk 0:00:46]} dxe5 {[%clk 0:01:01]} 27. Rd7 {[%clk 0:00:46]} Qe6
{[%clk 0:00:44]} 28. Rxc7 {[%clk 0:00:44]} Rxb3 {[%clk 0:00:44]} 29. Rxc5
{[%clk 0:00:44]} Qb6 {[%clk 0:00:20]} 30. Rexe5 {[%clk 0:00:43]} Rd8
{[%clk 0:00:18]} 31. Qf2 {[%clk 0:00:30]} Rb1+ {[%clk 0:00:15]} 32. Kh2
{[%clk 0:00:30]} Qb8 {[%clk 0:00:16]} 33. f4 {[%clk 0:00:27]} Rdd1
{[%clk 0:00:17]} 34. Rb5 {[%clk 0:00:26]} Rh1+ {[%clk 0:00:16]} 35. Kg3
{[%clk 0:00:27]} Qd8 {[%clk 0:00:09]} 36. Qe3 {[%clk 0:00:27]} Qf6
{[%clk 0:00:06]} 37. Re8+ {[%clk 0:00:26]} Kg7 {[%clk 0:00:08]} 38. Qe5
{[%clk 0:00:20]} Qxe5 {[%clk 0:00:09]} 39. fxe5 {[%clk 0:00:17]} Rbc1
{[%clk 0:00:09]} 40. Rxa5 {[%clk 0:00:12]} Rhg1 {[%clk 0:00:07]} 41. Ra7
{[%clk 0:00:08]} Rc2 {[%clk 0:00:08]} 42. e6 {[%clk 0:00:06]} Rgxg2+
{[%clk 0:00:08]} 43. Kf3 {[%clk 0:00:07]} Rce2 {[%clk 0:00:05]} 44. exf7
{[%clk 0:00:06]} Rgf2+ {[%clk 0:00:04]} 45. Kg3 {[%clk 0:00:08]} Rg2+
{[%clk 0:00:05]} 46. Kf3 {[%clk 0:00:09]} Ref2+ {[%clk 0:00:05]} 47. Ke3
{[%clk 0:00:10]} Rxf7 {[%clk 0:00:06]} 48. Ree7 {[%clk 0:00:09]} Rg3+
{[%clk 0:00:05]} 49. Kd4 {[%clk 0:00:10]} Rxe7 {[%clk 0:00:04]} 50. Rxe7+
{[%clk 0:00:11]} Kh6 {[%clk 0:00:06]} 51. a5 {[%clk 0:00:11]} Ra3
{[%clk 0:00:06]} 52. Ra7 {[%clk 0:00:10]} Rxh3 {[%clk 0:00:07]} 53. a6
{[%clk 0:00:12]} Ra3 {[%clk 0:00:07]} 54. c5 {[%clk 0:00:13]} Kg5
{[%clk 0:00:07]} 55. c6 {[%clk 0:00:14]} Ra4+ {[%clk 0:00:05]} 56. Kd5
{[%clk 0:00:15]} Ra5+ {[%clk 0:00:06]} 57. Kd6 {[%clk 0:00:16]} Ra1
{[%clk 0:00:05]} 58. c7 {[%clk 0:00:17]} Rd1+ {[%clk 0:00:05]} 59. Kc6
{[%clk 0:00:18]} Rc1+ {[%clk 0:00:06]} 60. Kb7 {[%clk 0:00:19]} Rb1+
{[%clk 0:00:06]} 61. Ka8 {[%clk 0:00:20]} Rc1 {[%clk 0:00:07]} 62. Kb8
{[%clk 0:00:21]} 1-0

[Event "blitmenteam"]
[Site "?"]
[Date "2016.10.07"]
[Round "5.9"]
[White "Ponkratov, Pavel"]
[Black "Sychev, Klementy"]
[Result "0-1"]
[LiveChessVersion "1.4.4"]
[BlackElo "2516"]
[WhiteElo "2679"]

1. Nc3 {[%clk 0:03:03]} Nf6 {[%clk 0:02:56]} 2. e4 {[%clk 0:03:04]} e5
{[%clk 0:02:57]} 3. f4 {[%clk 0:03:00]} d5 {[%clk 0:02:58]} 4. fxe5
{[%clk 0:03:00]} Nxe4 {[%clk 0:02:59]} 5. Nf3 {[%clk 0:03:00]} Bc5
{[%clk 0:02:58]} 6. d4 {[%clk 0:02:49]} Bb4 {[%clk 0:02:58]} 7. Bd2
{[%clk 0:02:50]} Nxd2 {[%clk 0:02:54]} 8. Qxd2 {[%clk 0:02:51]} O-O
{[%clk 0:02:54]} 9. a3 {[%clk 0:02:52]} Be7 {[%clk 0:02:53]} 10. Bd3
{[%clk 0:02:52]} c5 {[%clk 0:02:52]} 11. dxc5 {[%clk 0:02:53]} Be6
{[%clk 0:02:20]} 12. Nb5 {[%clk 0:02:54]} Bxc5 {[%clk 0:02:14]} 13. b4
{[%clk 0:02:55]} Bb6 {[%clk 0:02:08]} 14. Qf4 {[%clk 0:02:43]} h6
{[%clk 0:02:05]} 15. g4 {[%clk 0:02:40]} f6 {[%clk 0:01:21]} 16. O-O-O
{[%clk 0:01:38]} Nc6 {[%clk 0:01:14]} 17. Bf5 {[%clk 0:01:37]} Bxf5
{[%clk 0:01:08]} 18. Qxf5 {[%clk 0:01:24]} fxe5 19. Qe6+ Kh7 {[%clk 0:00:52]} 20.
Rxd5 {[%clk 0:01:26]} Qe8 {[%clk 0:00:48]} 21. Qxe8 {[%clk 0:01:15]} Raxe8
{[%clk 0:00:49]} 22. Nh4 {[%clk 0:01:16]} e4 {[%clk 0:00:48]} 23. Nd6
{[%clk 0:01:14]} Re6 {[%clk 0:00:44]} 24. Nc4 {[%clk 0:01:12]} Bd8
{[%clk 0:00:32]} 25. Nf5 {[%clk 0:01:12]} e3 {[%clk 0:00:21]} 26. Re1
{[%clk 0:00:59]} e2 {[%clk 0:00:22]} 27. Kd2 {[%clk 0:00:59]} Bg5+
{[%clk 0:00:21]} 28. Kd3 {[%clk 0:00:53]} b5 {[%clk 0:00:11]} 29. Ncd6
{[%clk 0:00:38]} Ne5+ {[%clk 0:00:08]} 30. Kxe2 {[%clk 0:00:36]} Nxg4+
{[%clk 0:00:07]} 31. Kf3 {[%clk 0:00:26]} Nxh2+ {[%clk 0:00:08]} 32. Kg2
{[%clk 0:00:27]} Rxe1 {[%clk 0:00:08]} 33. Kxh2 {[%clk 0:00:28]} Bf4+
{[%clk 0:00:10]} 34. Kg2 {[%clk 0:00:28]} Bxd6 {[%clk 0:00:11]} 35. Nxd6
{[%clk 0:00:30]} Re2+ {[%clk 0:00:12]} 36. Kg3 {[%clk 0:00:31]} Rxc2
{[%clk 0:00:12]} 37. Nxb5 {[%clk 0:00:32]} a6 {[%clk 0:00:13]} 38. Nd4
{[%clk 0:00:29]} Rc3+ {[%clk 0:00:13]} 39. Kg4 {[%clk 0:00:30]} Rxa3
{[%clk 0:00:14]} 40. Ne6 {[%clk 0:00:30]} Rf7 {[%clk 0:00:14]} 41. Rd8
{[%clk 0:00:30]} Ra4 {[%clk 0:00:11]} 42. Nf8+ Rxf8 {[%clk 0:00:12]} 43. Rxf8
{[%clk 0:00:26]} Rxb4+ {[%clk 0:00:13]} 44. Kf5 {[%clk 0:00:28]} a5
{[%clk 0:00:13]} 45. Ra8 {[%clk 0:00:29]} a4 {[%clk 0:00:15]} 46. Ra7
{[%clk 0:00:29]} Rb5+ {[%clk 0:00:09]} 47. Kf4 {[%clk 0:00:30]} Rb4+
{[%clk 0:00:09]} 48. Kf5 {[%clk 0:00:32]} h5 {[%clk 0:00:07]} 49. Kg5
{[%clk 0:00:33]} h4 {[%clk 0:00:09]} 50. Rd7 {[%clk 0:00:33]} h3 {[%clk 0:00:09]}
51. Rd3 {[%clk 0:00:34]} Rb3 {[%clk 0:00:07]} 52. Rd4 {[%clk 0:00:35]} a3
{[%clk 0:00:08]} 53. Rh4+ {[%clk 0:00:36]} Kg8 {[%clk 0:00:10]} 54. Kg6
{[%clk 0:00:38]} Rb6+ {[%clk 0:00:10]} 55. Kg5 {[%clk 0:00:39]} a2
{[%clk 0:00:11]} 56. Ra4 {[%clk 0:00:40]} h2 {[%clk 0:00:12]} 57. Ra8+
{[%clk 0:00:41]} Kf7 {[%clk 0:00:13]} 58. Ra7+ {[%clk 0:00:43]} Ke8
{[%clk 0:00:14]} 59. Ra8+ Kd7 0-1

[Event "blitmenteam"]
[Site "?"]
[Date "2016.10.07"]
[Round "5.10"]
[White "Zakhartsov, Vladimir"]
[Black "Khismatullin, Denis"]
[Result "0-1"]
[LiveChessVersion "1.4.4"]
[BlackElo "2604"]
[WhiteElo "2527"]

1. Nf3 {[%clk 0:02:58]} c5 {[%clk 0:03:02]} 2. e4 {[%clk 0:02:57]} d6
{[%clk 0:03:03]} 3. d4 {[%clk 0:02:56]} cxd4 4. Nxd4 {[%clk 0:02:57]} Nf6
{[%clk 0:03:05]} 5. Nc3 {[%clk 0:02:57]} a6 {[%clk 0:03:06]} 6. Be3
{[%clk 0:02:51]} e5 {[%clk 0:03:04]} 7. Nb3 {[%clk 0:02:51]} Be7 {[%clk 0:03:05]}
8. f3 {[%clk 0:02:50]} Be6 {[%clk 0:03:00]} 9. Qd2 {[%clk 0:02:50]} h5
{[%clk 0:02:56]} 10. O-O-O {[%clk 0:02:50]} Nbd7 {[%clk 0:02:57]} 11. Kb1
{[%clk 0:02:47]} Rc8 {[%clk 0:02:55]} 12. f4 {[%clk 0:02:28]} b5 {[%clk 0:02:54]}
13. f5 {[%clk 0:01:41]} Bc4 {[%clk 0:02:54]} 14. Bd3 {[%clk 0:01:34]} Nb6
{[%clk 0:02:02]} 15. h3 {[%clk 0:00:59]} h4 {[%clk 0:01:23]} 16. Qf2
{[%clk 0:00:57]} Na4 {[%clk 0:01:13]} 17. Nxa4 {[%clk 0:00:45]} bxa4
{[%clk 0:01:12]} 18. Bxc4 {[%clk 0:00:44]} Rxc4 {[%clk 0:01:09]} 19. Nd2
{[%clk 0:00:44]} Nxe4 {[%clk 0:00:51]} 20. Nxe4 {[%clk 0:00:40]} Rxe4
{[%clk 0:00:52]} 21. Qf3 {[%clk 0:00:40]} Qa8 {[%clk 0:00:30]} 22. f6
{[%clk 0:00:23]} gxf6 {[%clk 0:00:27]} 23. Bf2 {[%clk 0:00:24]} Qc6
{[%clk 0:00:18]} 24. Rd2 {[%clk 0:00:20]} Rc4 {[%clk 0:00:17]} 25. Qd3
{[%clk 0:00:16]} d5 {[%clk 0:00:12]} 26. Rhd1 {[%clk 0:00:11]} d4
{[%clk 0:00:13]} 27. Qf5 {[%clk 0:00:06]} Rg8 {[%clk 0:00:12]} 28. Bxh4
{[%clk 0:00:05]} Rg6 {[%clk 0:00:12]} 29. g4 {[%clk 0:00:05]} Qe6
{[%clk 0:00:12]} 30. Qh5 {[%clk 0:00:06]} Qc6 {[%clk 0:00:12]} 31. Qf5
{[%clk 0:00:07]} Rg8 {[%clk 0:00:12]} 32. Bf2 {[%clk 0:00:07]} Qb5
{[%clk 0:00:09]} 33. b3 {[%clk 0:00:07]} Rc6 {[%clk 0:00:09]} 34. h4
{[%clk 0:00:07]} Qc5 {[%clk 0:00:09]} 35. Qf3 {[%clk 0:00:07]} a3
{[%clk 0:00:08]} 36. h5 {[%clk 0:00:07]} 0-1

[Event "blitmenteam"]
[Site "?"]
[Date "2016.10.07"]
[Round "5.11"]
[White "Pridorozhni, Aleksei"]
[Black "Kovalev, Egor"]
[Result "1-0"]
[LiveChessVersion "1.4.4"]
[BlackElo "2228"]
[WhiteElo "2611"]

1. e4 {[%clk 0:03:03]} c5 {[%clk 0:03:04]} 2. Nc3 {[%clk 0:03:05]} Nc6
{[%clk 0:03:05]} 3. Bb5 {[%clk 0:03:06]} Nd4 {[%clk 0:03:05]} 4. Nf3
{[%clk 0:03:07]} g6 {[%clk 0:02:57]} 5. Nxd4 {[%clk 0:03:07]} cxd4
{[%clk 0:02:57]} 6. Ne2 {[%clk 0:03:08]} Bg7 {[%clk 0:02:56]} 7. c3
{[%clk 0:03:10]} dxc3 {[%clk 0:02:51]} 8. bxc3 {[%clk 0:03:11]} Nf6
{[%clk 0:02:47]} 9. f3 {[%clk 0:03:11]} O-O {[%clk 0:02:46]} 10. d4
{[%clk 0:03:12]} d6 {[%clk 0:02:36]} 11. O-O {[%clk 0:03:10]} Bd7
{[%clk 0:02:35]} 12. Bd3 {[%clk 0:03:10]} Qa5 {[%clk 0:02:28]} 13. Qb3
{[%clk 0:03:03]} Rab8 {[%clk 0:02:15]} 14. Be3 {[%clk 0:02:59]} Rfc8
{[%clk 0:02:08]} 15. a4 {[%clk 0:02:48]} Rc6 {[%clk 0:01:37]} 16. Bb5
{[%clk 0:02:27]} Rc7 {[%clk 0:01:33]} 17. Rfb1 {[%clk 0:02:25]} a6
{[%clk 0:01:32]} 18. Bd3 {[%clk 0:02:24]} Qh5 {[%clk 0:01:18]} 19. Nf4
{[%clk 0:02:06]} Qa5 {[%clk 0:01:05]} 20. Ne2 {[%clk 0:02:07]} Qh5
{[%clk 0:01:05]} 21. Qb6 {[%clk 0:02:06]} Rc6 {[%clk 0:01:03]} 22. Qa7
{[%clk 0:02:06]} Rbc8 {[%clk 0:00:55]} 23. Rxb7 {[%clk 0:02:01]} Rxc3
{[%clk 0:00:51]} 24. Nxc3 {[%clk 0:02:00]} Rxc3 {[%clk 0:00:52]} 25. Qxa6
{[%clk 0:01:36]} h6 {[%clk 0:00:33]} 26. Bf2 {[%clk 0:01:16]} Kh7
{[%clk 0:00:30]} 27. Rb4 {[%clk 0:01:01]} Bc8 {[%clk 0:00:29]} 28. Qb5
{[%clk 0:01:02]} Bd7 {[%clk 0:00:30]} 29. Qxh5 {[%clk 0:01:02]} Nxh5
{[%clk 0:00:30]} 30. Bf1 {[%clk 0:01:02]} Nf4 {[%clk 0:00:29]} 31. a5
{[%clk 0:01:02]} Bc6 {[%clk 0:00:14]} 32. a6 {[%clk 0:01:03]} Ba8 33. Rb8 Rc2
{[%clk 0:00:05]} 34. Rd1 {[%clk 0:00:47]} Bc6 {[%clk 0:00:05]} 35. d5
{[%clk 0:00:47]} Bxd5 {[%clk 0:03:02]} 1-0

[Event "blitmenteam"]
[Site "?"]
[Date "2016.10.07"]
[Round "5.12"]
[White "Babikov, Ivan"]
[Black "Bologan, Victor"]
[Result "0-1"]
[LiveChessVersion "1.4.4"]
[BlackElo "2601"]
[WhiteElo "2189"]

1. e4 {[%clk 0:03:03]} g6 {[%clk 0:03:04]} 2. d4 {[%clk 0:03:04]} Bg7
{[%clk 0:03:05]} 3. Nc3 c6 4. Be3 {[%clk 0:03:04]} d5 {[%clk 0:03:07]} 5. Nf3
{[%clk 0:02:58]} dxe4 {[%clk 0:02:56]} 6. Nxe4 {[%clk 0:02:57]} Nd7
{[%clk 0:02:57]} 7. Be2 {[%clk 0:02:52]} Ngf6 {[%clk 0:02:58]} 8. Nxf6+ Nxf6
{[%clk 0:02:59]} 9. O-O {[%clk 0:02:43]} Nd5 {[%clk 0:02:58]} 10. Bd2
{[%clk 0:02:15]} O-O {[%clk 0:02:55]} 11. c4 {[%clk 0:02:15]} Nc7
{[%clk 0:02:54]} 12. Bc3 {[%clk 0:02:15]} Bg4 {[%clk 0:02:42]} 13. Ne5
{[%clk 0:02:15]} Bxe2 {[%clk 0:02:43]} 14. Qxe2 {[%clk 0:02:16]} Qd6
{[%clk 0:02:33]} 15. Rad1 {[%clk 0:02:13]} a5 {[%clk 0:02:29]} 16. Rfe1
{[%clk 0:02:04]} b5 {[%clk 0:02:16]} 17. d5 {[%clk 0:02:04]} cxd5
{[%clk 0:01:58]} 18. cxd5 {[%clk 0:01:54]} Nxd5 {[%clk 0:01:38]} 19. Qxb5
{[%clk 0:01:10]} Nxc3 {[%clk 0:01:24]} 20. bxc3 {[%clk 0:01:11]} Qc7
{[%clk 0:01:17]} 21. c4 {[%clk 0:01:08]} Rab8 {[%clk 0:00:56]} 22. Qd5
{[%clk 0:00:25]} e6 {[%clk 0:00:55]} 23. Qe4 {[%clk 0:00:25]} Rb2
{[%clk 0:00:49]} 24. Rd7 {[%clk 0:00:21]} Qxe5 {[%clk 0:00:46]} 0-1

[Event "blitmenteam"]
[Site "?"]
[Date "2016.10.07"]
[Round "5.13"]
[White "Alexeev, Alexey"]
[Black "Artemiev, Vladislav"]
[Result "0-1"]
[LiveChessVersion "1.4.4"]
[BlackElo "2781"]
[WhiteElo "2230"]

1. e4 {[%clk 0:03:03]} d6 {[%clk 0:02:58]} 2. d4 {[%clk 0:03:02]} g6
{[%clk 0:02:59]} 3. Nc3 {[%clk 0:03:00]} Bg7 {[%clk 0:03:00]} 4. g3
{[%clk 0:02:58]} Nf6 {[%clk 0:02:56]} 5. Bg2 {[%clk 0:02:51]} O-O
{[%clk 0:02:56]} 6. Nge2 {[%clk 0:02:50]} Nbd7 {[%clk 0:02:51]} 7. h3
{[%clk 0:02:44]} c5 {[%clk 0:02:52]} 8. d5 {[%clk 0:02:23]} Qa5 {[%clk 0:02:46]}
9. O-O {[%clk 0:02:14]} b5 {[%clk 0:02:47]} 10. f4 {[%clk 0:02:05]} Ba6
{[%clk 0:02:36]} 11. Be3 {[%clk 0:01:47]} Nb6 {[%clk 0:02:28]} 12. Bf2
{[%clk 0:01:38]} b4 {[%clk 0:02:19]} 13. Nb1 {[%clk 0:01:35]} Nc4
{[%clk 0:02:16]} 14. b3 {[%clk 0:01:12]} Nd7 {[%clk 0:02:00]} 15. e5
{[%clk 0:01:13]} Ncb6 {[%clk 0:01:53]} 16. Nd2 {[%clk 0:01:08]} dxe5
{[%clk 0:01:53]} 17. Re1 {[%clk 0:00:53]} Rad8 {[%clk 0:01:47]} 18. Ne4
{[%clk 0:00:35]} Nf6 {[%clk 0:01:33]} 19. Nxf6+ {[%clk 0:00:30]} Bxf6
{[%clk 0:01:23]} 20. fxe5 {[%clk 0:00:31]} Bxe5 {[%clk 0:01:23]} 21. Nf4
{[%clk 0:00:32]} Bxf4 {[%clk 0:01:11]} 22. gxf4 {[%clk 0:00:32]} Bb7
{[%clk 0:01:12]} 23. Rxe7 {[%clk 0:00:29]} Bxd5 {[%clk 0:01:12]} 24. Qe2
{[%clk 0:00:26]} Bxg2 {[%clk 0:01:10]} 25. Kxg2 {[%clk 0:00:27]} Nd5
{[%clk 0:01:11]} 26. Re4 {[%clk 0:00:04]} Nc3 {[%clk 0:01:11]} 27. Qc4
{[%clk 0:00:03]} Nxe4 {[%clk 0:01:12]} 28. Qxe4 {[%clk 0:00:04]} Rfe8
{[%clk 0:01:12]} 0-1

[Event "blitmenteam"]
[Site "?"]
[Date "2016.10.07"]
[Round "5.15"]
[White "Jary, Sergey"]
[Black "Timofeev, Artyom"]
[Result "0-1"]
[LiveChessVersion "1.4.4"]
[BlackElo "2578"]
[WhiteElo "2368"]

1. d4 {[%clk 0:03:03]} Nf6 {[%clk 0:03:03]} 2. Bf4 {[%clk 0:03:04]} g6
{[%clk 0:03:02]} 3. e3 {[%clk 0:03:05]} Bg7 {[%clk 0:03:03]} 4. h3
{[%clk 0:03:06]} c5 {[%clk 0:03:04]} 5. c3 {[%clk 0:03:07]} b6 {[%clk 0:03:05]}
6. Nf3 {[%clk 0:03:08]} Bb7 {[%clk 0:03:06]} 7. Nbd2 {[%clk 0:03:09]} O-O
{[%clk 0:03:07]} 8. Be2 {[%clk 0:03:09]} d6 {[%clk 0:03:08]} 9. O-O
{[%clk 0:03:10]} cxd4 {[%clk 0:03:07]} 10. cxd4 {[%clk 0:03:11]} Nc6
{[%clk 0:03:07]} 11. Rc1 {[%clk 0:03:11]} Rc8 {[%clk 0:03:08]} 12. a3
{[%clk 0:03:07]} Qd7 {[%clk 0:03:07]} 13. b4 {[%clk 0:03:06]} Nb8
{[%clk 0:03:00]} 14. Qb3 {[%clk 0:02:59]} Rxc1 15. Rxc1 {[%clk 0:02:59]} Rc8
{[%clk 0:02:55]} 16. Rxc8+ {[%clk 0:02:53]} Qxc8 {[%clk 0:02:56]} 17. Qc4
{[%clk 0:02:53]} Qxc4 {[%clk 0:02:53]} 18. Bxc4 {[%clk 0:02:50]} Nd5
{[%clk 0:02:48]} 19. Bh2 {[%clk 0:02:33]} Nc3 {[%clk 0:02:48]} 20. Kf1
{[%clk 0:02:27]} Ba6 {[%clk 0:02:48]} 21. Ke1 {[%clk 0:02:09]} Bb5
{[%clk 0:02:40]} 22. Ne4 {[%clk 0:01:50]} Bxc4 23. Nxc3 {[%clk 0:01:51]} Kf8
{[%clk 0:02:14]} 24. g4 {[%clk 0:01:43]} Ke8 {[%clk 0:02:12]} 25. Kd2
{[%clk 0:01:39]} h6 {[%clk 0:02:12]} 26. h4 {[%clk 0:01:40]} Be6 {[%clk 0:02:08]}
27. g5 {[%clk 0:01:41]} Bg4 {[%clk 0:02:08]} 28. Ne1 {[%clk 0:01:42]} Kd7
{[%clk 0:01:56]} 29. f3 {[%clk 0:01:42]} Bh3 {[%clk 0:01:56]} 30. Nd3
{[%clk 0:01:41]} h5 {[%clk 0:01:49]} 31. Bg1 {[%clk 0:01:26]} Bf1
{[%clk 0:01:45]} 32. Ne4 {[%clk 0:00:57]} Kd8 {[%clk 0:01:33]} 33. Ng3
{[%clk 0:00:57]} Bh3 {[%clk 0:01:33]} 34. Ne2 {[%clk 0:00:46]} Nc6
{[%clk 0:01:32]} 35. Nc3 {[%clk 0:00:40]} Bf1 {[%clk 0:01:29]} 36. Bh2
{[%clk 0:00:31]} Kd7 {[%clk 0:01:29]} 37. Bg3 {[%clk 0:00:32]} Nd8
{[%clk 0:01:19]} 38. Nb5 {[%clk 0:00:32]} a6 {[%clk 0:01:18]} 39. Nc3
{[%clk 0:00:33]} Ne6 {[%clk 0:01:13]} 40. Nd5 {[%clk 0:00:34]} b5
{[%clk 0:01:14]} 41. Nc3 {[%clk 0:00:34]} Nc7 {[%clk 0:01:11]} 42. Nb2
{[%clk 0:00:31]} f6 {[%clk 0:01:04]} 43. f4 {[%clk 0:00:29]} f5 {[%clk 0:00:54]}
44. Ke1 {[%clk 0:00:27]} Bg2 {[%clk 0:00:55]} 45. Kd2 {[%clk 0:00:25]} Ke6
{[%clk 0:00:54]} 46. a4 {[%clk 0:00:25]} Bc6 {[%clk 0:00:53]} 47. axb5 axb5
{[%clk 0:00:52]} 48. Kd3 {[%clk 0:00:20]} Bg2 {[%clk 0:00:46]} 49. Nbd1
{[%clk 0:00:13]} Na8 {[%clk 0:00:41]} 50. Ke2 {[%clk 0:00:13]} Bc6
{[%clk 0:00:40]} 51. Nb2 {[%clk 0:00:12]} Nb6 {[%clk 0:00:39]} 52. Kd2
{[%clk 0:00:12]} Kf7 {[%clk 0:00:34]} 53. Be1 {[%clk 0:00:13]} e5
{[%clk 0:00:33]} 54. Bf2 {[%clk 0:00:13]} Ke6 {[%clk 0:00:28]} 55. fxe5
{[%clk 0:00:11]} dxe5 {[%clk 0:00:29]} 56. Nd3 {[%clk 0:00:12]} Nc4+
{[%clk 0:00:29]} 57. Ke2 {[%clk 0:00:13]} f4 {[%clk 0:00:17]} 58. Nc5+
{[%clk 0:00:13]} Ke7 {[%clk 0:00:16]} 59. d5 {[%clk 0:00:14]} Be8
{[%clk 0:00:14]} 60. e4 {[%clk 0:00:15]} Kf7 {[%clk 0:00:13]} 61. Nd3
{[%clk 0:00:15]} Bf8 {[%clk 0:00:13]} 62. Bc5 {[%clk 0:00:16]} Bd6
{[%clk 0:00:14]} 63. Bxd6 Nxd6 {[%clk 0:00:16]} 64. Nxe5+ {[%clk 0:00:17]} Ke7
{[%clk 0:00:17]} 65. Nd3 {[%clk 0:00:18]} Bd7 {[%clk 0:00:16]} 66. Nxf4
{[%clk 0:00:19]} Bg4+ {[%clk 0:00:17]} 67. Ke3 {[%clk 0:00:20]} Kf7
{[%clk 0:00:17]} 68. Kd4 {[%clk 0:00:20]} Nc4 {[%clk 0:00:17]} 69. Nxb5
{[%clk 0:00:20]} Nd2 {[%clk 0:00:18]} 70. Nd6+ {[%clk 0:00:16]} Ke7
{[%clk 0:00:19]} 71. Kc5 {[%clk 0:00:16]} Nf3 {[%clk 0:00:18]} 72. Nxg6+
{[%clk 0:00:17]} Kd7 {[%clk 0:00:20]} 73. e5 {[%clk 0:00:17]} 0-1

[Event "blitmenteam"]
[Site "?"]
[Date "2016.10.07"]
[Round "5.16"]
[White "Sharafiev, Azat"]
[Black "Sanin, Andrey"]
[Result "1-0"]
[LiveChessVersion "1.4.4"]
[BlackElo "2214"]
[WhiteElo "2482"]

1. Nf3 {[%clk 0:03:03]} d5 {[%clk 0:03:03]} 2. d4 {[%clk 0:03:04]} Nf6
{[%clk 0:03:04]} 3. c4 {[%clk 0:03:05]} e6 {[%clk 0:03:05]} 4. g3
{[%clk 0:03:06]} Be7 {[%clk 0:03:04]} 5. Bg2 {[%clk 0:03:07]} O-O
{[%clk 0:03:05]} 6. O-O {[%clk 0:03:07]} dxc4 {[%clk 0:03:05]} 7. Qc2
{[%clk 0:03:02]} a6 8. Rd1 b5 {[%clk 0:02:47]} 9. Ne5 {[%clk 0:03:04]} Nd5
{[%clk 0:02:47]} 10. b3 {[%clk 0:02:55]} cxb3 {[%clk 0:02:39]} 11. axb3
{[%clk 0:02:56]} Bb7 {[%clk 0:02:37]} 12. Ba3 {[%clk 0:02:35]} Bxa3 13. Rxa3
{[%clk 0:02:35]} Nb4 {[%clk 0:02:17]} 14. Qd2 {[%clk 0:02:34]} Bxg2
{[%clk 0:02:15]} 15. Kxg2 {[%clk 0:02:35]} Nd5 {[%clk 0:01:59]} 16. e4
{[%clk 0:02:32]} Nf6 {[%clk 0:01:59]} 17. Qc2 {[%clk 0:02:29]} Qd6
{[%clk 0:01:57]} 18. Nf3 {[%clk 0:02:05]} Qb6 {[%clk 0:01:55]} 19. Rc1
{[%clk 0:01:58]} Rd8 {[%clk 0:01:47]} 20. Nbd2 {[%clk 0:01:54]} Ra7
{[%clk 0:01:44]} 21. e5 {[%clk 0:01:46]} Nd5 {[%clk 0:01:44]} 22. Ng5
{[%clk 0:01:46]} g6 {[%clk 0:01:43]} 23. Ndf3 {[%clk 0:01:47]} Nd7
{[%clk 0:01:32]} 24. h4 {[%clk 0:01:44]} h5 {[%clk 0:01:15]} 25. Qe4
{[%clk 0:01:36]} Nf8 {[%clk 0:01:14]} 26. Ra2 {[%clk 0:01:32]} Raa8
{[%clk 0:01:08]} 27. g4 {[%clk 0:01:28]} hxg4 {[%clk 0:01:08]} 28. Qxg4
{[%clk 0:01:29]} Rac8 {[%clk 0:01:03]} 29. Rac2 {[%clk 0:01:28]} Nb4
{[%clk 0:01:03]} 30. Rc5 {[%clk 0:01:20]} Nd3 {[%clk 0:00:59]} 31. Rc6
{[%clk 0:01:19]} Qb7 {[%clk 0:00:49]} 32. R1c3 {[%clk 0:01:08]} Nb4
{[%clk 0:00:46]} 33. R6c5 {[%clk 0:01:09]} Nd5 {[%clk 0:00:42]} 34. Rc1
{[%clk 0:01:08]} Nb4 {[%clk 0:00:34]} 35. h5 {[%clk 0:01:02]} Nd3
{[%clk 0:00:35]} 36. hxg6 {[%clk 0:01:02]} Nxg6 {[%clk 0:00:33]} 37. Nxe6
{[%clk 0:00:53]} Nxc1 {[%clk 0:00:29]} 38. Nxd8 {[%clk 0:00:42]} Rxd8
{[%clk 0:00:28]} 39. Rxc1 {[%clk 0:00:43]} Kg7 {[%clk 0:00:15]} 40. e6
{[%clk 0:00:41]} fxe6 {[%clk 0:00:09]} 41. Kg3 {[%clk 0:00:37]} Rf8
{[%clk 0:00:05]} 42. Ne5 {[%clk 0:00:35]} Rf6 {[%clk 0:00:05]} 43. f3
{[%clk 0:00:12]} Qb6 {[%clk 0:00:03]} 44. Rh1 {[%clk 0:00:10]} Qd6
{[%clk 0:00:04]} 45. Qh5 {[%clk 0:00:10]} Qxd4 {[%clk 0:00:03]} 46. Qh7+
{[%clk 0:00:06]} Kf8 {[%clk 0:00:04]} 47. Nxg6+ {[%clk 0:00:06]} Rxg6+
{[%clk 0:00:03]} 48. Qxg6 {[%clk 0:00:07]} Qe5+ {[%clk 0:00:04]} 49. Kh3
{[%clk 0:00:07]} Qf4 {[%clk 0:00:03]} 50. Qg4 {[%clk 0:00:07]} Qh6+
{[%clk 0:00:03]} 51. Kg2 {[%clk 0:00:09]} Qd2+ {[%clk 0:00:05]} 52. Kg3
{[%clk 0:00:10]} Qd6+ {[%clk 0:00:05]} 53. Qf4+ {[%clk 0:00:11]} 1-0

[Event "blitmenteam"]
[Site "?"]
[Date "2016.10.07"]
[Round "5.17"]
[White "Moskalenko, Alexander"]
[Black "Ponomarenko, Alexandr"]
[Result "1/2-1/2"]
[LiveChessVersion "1.4.4"]
[BlackElo "2220"]
[WhiteElo "2573"]

1. d4 {[%clk 0:03:03]} Nf6 {[%clk 0:03:03]} 2. Nf3 {[%clk 0:03:03]} e6
{[%clk 0:03:03]} 3. Bf4 {[%clk 0:03:00]} c5 {[%clk 0:03:03]} 4. e3
{[%clk 0:03:00]} Qb6 {[%clk 0:03:04]} 5. Qc1 {[%clk 0:02:44]} Nc6
{[%clk 0:03:02]} 6. c3 {[%clk 0:02:45]} d5 {[%clk 0:02:56]} 7. Nbd2
{[%clk 0:02:45]} Be7 {[%clk 0:02:54]} 8. Bd3 {[%clk 0:02:46]} O-O
{[%clk 0:02:51]} 9. O-O {[%clk 0:02:46]} h6 {[%clk 0:02:37]} 10. h3
{[%clk 0:02:41]} Bd7 {[%clk 0:02:37]} 11. Ne5 {[%clk 0:02:26]} Rac8
{[%clk 0:02:25]} 12. Nxd7 {[%clk 0:02:26]} Nxd7 {[%clk 0:02:26]} 13. Nf3
{[%clk 0:02:23]} cxd4 {[%clk 0:02:06]} 14. exd4 {[%clk 0:02:20]} Bf6
{[%clk 0:01:50]} 15. Qd2 {[%clk 0:02:09]} e5 {[%clk 0:01:38]} 16. dxe5
{[%clk 0:02:03]} Ndxe5 {[%clk 0:01:39]} 17. Nxe5 {[%clk 0:01:54]} Nxe5
{[%clk 0:01:08]} 18. Be3 {[%clk 0:01:30]} Qa5 19. Bd4 {[%clk 0:01:30]} Nc4
{[%clk 0:00:49]} 20. Bxc4 {[%clk 0:01:30]} Bxd4 {[%clk 0:00:44]} 21. Bb3
{[%clk 0:01:29]} Be5 {[%clk 0:00:31]} 22. Rfe1 {[%clk 0:01:20]} d4
{[%clk 0:00:22]} 23. Qe2 {[%clk 0:00:51]} Bf6 {[%clk 0:00:20]} 24. c4
{[%clk 0:00:40]} Rcd8 {[%clk 0:00:21]} 25. Qd3 {[%clk 0:00:41]} Rfe8
{[%clk 0:00:14]} 26. Kf1 {[%clk 0:00:39]} Qg5 {[%clk 0:00:09]} 1/2-1/2